000 00278nam a2200097Ia 4500
008 230508s2012 xx 000 0 und d
041 _aeng
100 _aCHAUDHARIM.A./CHAUDHARI S.M.
245 _aTRANSMISSION &DISTRIBUTION OFELECTRIC POWER
260 _bNIRALI PRAKASHAN PUN
_c2012
999 _c326401
_d326401